000 00434nam a22001815a 4500
001 sjdsz9mscp b3347401
003 sjds
005 20170222163914.0
008 110824s2011 |||| ||| |||| ||eng||
020 _a9781453854556
_c$8.95
020 _a145385455X
_c$8.95
040 _csjds
041 _aspa
100 1 _aTrujillo, Fernando.
245 1 3 _aEl Secreto del Tio Oscar.
260 _bCreatespace
_c20110204.
942 _cBK
999 _c16547
_d16547